La psicanalisi

Guardat en:
Dades bibliogràfiques
Autor principal: Lagache Daniel
Format: Llibre
Idioma:idioma desconegut
Publicat: Milano Xenia 1999
Etiquetes: Afegir etiqueta
Sense etiquetes, Sigues el primer a etiquetar aquest registre!

MARC

LEADER 00000nam a2200000Ia 4500
001 257
003 NUMERAZIONE-ORIGINALE-BRESCIA
005 20260206230751.0
008 260206s9999 xx 000 0 und d
100 |a Lagache Daniel 
245 0 |a La psicanalisi 
260 |a Milano 
260 |b Xenia 
260 |c 1999 
500 |a Tascabili 
942 |2 ddc  |c BK  |n 0 
952 |0 0  |1 0  |2 ddc  |4 0  |6 26  |7 0  |9 28457  |a BS  |b BS  |d 2026-02-06  |i 257  |l 0  |o 2-6-*  |r 2026-02-06 22:40:35  |w 2026-02-06  |x [REVISIONARE]  |y BK 
999 |c 24137  |d 24137